[Rezension von: Drogendealer]

Saved in:  
Bibliographic Details
Main Author: Legnaro, Aldo 1947- (Author)
Format: Print Review
Language:German
Published: 2000
In: Kriminologisches Journal
Year: 2000, Volume: 32, Issue: 2, Pages: 52-54
Check availability: HBZ Gateway
Keywords:

MARC

LEADER 00000naa a2200000 c 4500
001 194585569X
003 DE-627
005 20251211080045.0
007 tu
008 251211s2000 xx ||||| o 00| ||ger c
035 |a (DE-627)194585569X 
035 |a (DE-599)KXP194585569X 
040 |a DE-627  |b ger  |c DE-627  |e rda 
041 |a ger 
084 |a 2,1  |2 ssgn 
100 1 |a Legnaro, Aldo  |d 1947-  |e VerfasserIn  |0 (DE-588)124473423  |0 (DE-627)363371745  |0 (DE-576)294188061  |4 aut 
109 |a Legnaro, Aldo 1947- 
245 1 0 |a [Rezension von: Drogendealer]  |c Aldo Legnaro, Hamburg 
264 1 |c 2000 
336 |a Text  |b txt  |2 rdacontent 
337 |a ohne Hilfsmittel zu benutzen  |b n  |2 rdamedia 
338 |a Band  |b nc  |2 rdacarrier 
655 7 |a Rezension  |0 (DE-588)4049712-4  |0 (DE-627)106186019  |0 (DE-576)209083166  |2 gnd-content 
773 0 8 |i Enthalten in  |t Kriminologisches Journal  |d Weinheim : Beltz Juventa, 1969  |g 32(2000), 2, Seite 52-54  |w (DE-627)130092207  |w (DE-600)500591-7  |w (DE-576)018208223  |x 0341-1966  |7 nnas 
773 1 8 |g volume:32  |g year:2000  |g number:2  |g pages:52-54 
787 0 8 |i Rezension von  |t Drogendealer  |d Freiburg im Breisgau : Lambertus, 1998  |h 238 S  |w (DE-627)247528358  |w (DE-576)068376480  |z 3784111041 
951 |a AR 
ELC |b 1 
LOK |0 000 xxxxxcx a22 zn 4500 
LOK |0 001 4826385862 
LOK |0 003 DE-627 
LOK |0 004 194585569X 
LOK |0 005 20251211080045 
LOK |0 008 251211||||||||||||||||ger||||||| 
LOK |0 040   |a DE-2619  |c DE-627  |d DE-2619 
LOK |0 092   |o n 
LOK |0 852   |a DE-2619 
LOK |0 852 1  |9 00 
LOK |0 939   |a 11-12-25  |b l01 
ORI |a SA-MARC-krimdoka001.raw